|
|
|
|
| LEADER |
01011nam a2200253 a 4500 |
| 001 |
21156 |
| 003 |
BD-DhAAL |
| 008 |
100930m20092001enka b 001 0 eng d |
| 999 |
|
|
|c 9593
|d 9593
|
| 010 |
|
|
|a 00064308
|
| 020 |
|
|
|a 9788131709948
|
| 020 |
|
|
|a 0201398184 (cased : alk. paper)
|
| 040 |
|
|
|a DLC
|c DLC
|d DLC
|d DB-DhAAL
|
| 082 |
0 |
0 |
|a 007.7
|2 21
|
| 100 |
1 |
|
|a Halsall, Fred.
|9 40285
|
| 245 |
1 |
0 |
|a Multimedia communications :
|b applications, networks, protocols, and standards /
|c Fred Halsall.
|
| 260 |
|
|
|a Harlow, England :
|a New York ;
|a New Delhi :
|b Pearson-Addison-Wesley,
|c 2001 [impression 2009]
|
| 300 |
|
|
|a 1056 pages :
|b illustrations ;
|c 25 cm.
|
| 504 |
|
|
|a Includes bibliographical references and index.
|
| 541 |
1 |
|
|e 00021156
|
| 650 |
|
0 |
|a Multimedia systems.
|9 40286
|
| 852 |
4 |
|
|a Ayesha Abed Library
|j General Stacks
|
| 942 |
|
|
|2 ddc
|c BK
|
| 952 |
|
|
|0 0
|1 0
|2 ddc
|4 0
|6 007_700000000000000_HAL_2009
|7 0
|9 12208
|a BRACUL
|b BRACUL
|c GEN
|d 2010-09-30
|l 1
|m 14
|o 007.7 HAL
|p 3010021156
|r 2023-03-12
|s 2022-12-27
|t 1
|w 2010-09-30
|y BK
|